|
|
|
|
| LEADER |
00000nam0a2200000 4500 |
| 001 |
83698 |
| 005 |
20231031100312.0 |
| 010 |
|
|
|a 5724500817
|
| 020 |
|
|
|a RU
|b 88-74258
|
| 035 |
|
|
|a (RuTPU)RU\TPU\book\89994
|
| 090 |
|
|
|a 83698
|
| 100 |
|
|
|a 20051020d1988 m a0rusy5003 ca
|
| 101 |
0 |
|
|a rus
|
| 102 |
|
|
|a RU
|
| 105 |
|
|
|a a z 001zy
|
| 200 |
1 |
|
|a Полиэтилен высокого давления
|e научно-технические основы промышленного синтеза
|f А. В. Поляков, Ф. И. Дунтов, А. Э. Софиев и др.
|
| 210 |
|
|
|a Ленинград
|c Химия
|c Ленингр. отд-ние
|d 1988
|
| 215 |
|
|
|a 199,[1] с.
|c ил.
|d 21 см
|
| 300 |
|
|
|a Авт. указаны на обороте тит. л.
|
| 320 |
|
|
|a Библиогр.: с. 193-198 (168 назв.)
|
| 610 |
1 |
|
|a этилен
|
| 610 |
1 |
|
|a полиэтилен
|
| 610 |
1 |
|
|a полимеризация
|
| 610 |
1 |
|
|a производство
|
| 675 |
|
|
|a 678.742
|z rus
|
| 702 |
|
1 |
|a Поляков
|b А. В.
|g Аркадий Васильевич
|4 070
|
| 702 |
|
1 |
|a Дунтов
|b Ф. И.
|4 070
|
| 702 |
|
1 |
|a Софиев
|b А. Э.
|4 070
|
| 801 |
|
0 |
|a RU
|b RuMRKP
|c 19950417
|g psbo
|
| 801 |
|
1 |
|a RU
|b 63413507
|c 20051020
|g PSBO
|
| 801 |
|
2 |
|a RU
|b 63413507
|c 20060119
|g PSBO
|
| 942 |
|
|
|c BK
|